[Event "TUR-chT 2nd League"]
[Site "Denizli"]
[Date "2023.07.14"]
[Round "8.163"]
[White "Gucer, Gunes"]
[Black "Koca, Emirhan"]
[Result "0-1"]
[WhiteElo "1586"]
[BlackElo "1741"]
[PlyCount "120"]
[EventDate "2023.07.09"]
[EventType "team-swiss"]
[EventRounds "9"]
[EventCountry "TUR"]
[SourceTitle "CBM 215 Extra"]
[Source "ChessBase"]
[SourceDate "2023.09.30"]
[SourceVersion "1"]
[SourceVersionDate "2023.09.30"]
[SourceQuality "1"]
[WhiteTeam "Marmara Universitesi"]
[BlackTeam "Hayat"]
[WhiteTeamCountry "TUR"]
[BlackTeamCountry "TUR"]

1. d4 Nf6 2. c4 e6 3. g3 d5 4. Bg2 Bb4+ 5. Nd2 0-0 6. Ngf3 dxc4 7. Qc2 a5 8. Qxc4 b6 9. a3 Be7 10. Qc2 Ba6 11. Ne4 Nxe4 12. Qxe4 Ra7 13. 0-0 Nd7 14. Rd1 Nf6 15. Qc2 Bb7 16. Bg5 Be4 17. Qd2 Qd5 18. Bxf6 Bxf6 19. Ne1 Bxg2 20. Nxg2 Rd8 21. Qc2 Qb5 22. a4 Qb4 23. e3 c5 24. dxc5 Rc8 25. Qd2 bxc5 26. Rac1 c4 27. Qc2 Rac7 28. Rb1 Qb3 29. Rdc1 Rb8 30. Nf4 Qxc2 31. Rxc2 c3 32. Kg2 g6 33. Nd3 Rd8 34. Ne1 Rb7 35. b3 Rdb8 36. Nd3 Rxb3 37. Rbc1 Rc8 38. e4 Bd4 39. Nb2 Kg7 40. Nd1 Ra3 41. Kf3 Rxa4 42. Ke2 f5 43. exf5 gxf5 44. Kd3 e5 45. f3 Kg6 46. Nf2 Bxf2 47. Rxf2 Rd8+ 48. Ke3 f4+ 49. gxf4 exf4+ 50. Ke2 Ra2+ 51. Kf1 Rxf2+ 52. Kxf2 Rc8 53. Rc2 Kf5 54. Ke2 Ke5 55. Kd3 Rd8+ 56. Kc4 Rc8+ 57. Kd3 Kd5 58. h3 Rc4 59. Ke2 Kd4 60. h4 Rc5 0-1

[Event "TUR-chT 2nd League"]
[Site "Denizli"]
[Date "2023.07.13"]
[Round "7.163"]
[White "Gucer, Gunes"]
[Black "Oztekin, Mehmet Metin"]
[Result "0-1"]
[WhiteElo "1586"]
[BlackElo "1886"]
[PlyCount "74"]
[EventDate "2023.07.09"]
[EventType "team-swiss"]
[EventRounds "9"]
[EventCountry "TUR"]
[SourceTitle "CBM 215 Extra"]
[Source "ChessBase"]
[SourceDate "2023.09.30"]
[SourceVersion "1"]
[SourceVersionDate "2023.09.30"]
[SourceQuality "1"]
[WhiteTeam "Marmara Universitesi"]
[BlackTeam "Mersin Altin Piyon"]
[WhiteTeamCountry "TUR"]
[BlackTeamCountry "TUR"]

1. d4 d5 2. c4 c6 3. Nf3 Nf6 4. g3 Bg4 5. Bg2 Nbd7 6. Ne5 Nxe5 7. dxe5 Nd7 8. Qd4 Bf5 9. cxd5 cxd5 10. Qxd5 e6 11. Qb3 Bc5 12. 0-0 0-0 13. Be3 Rc8 14. Rd1 Qe7 15. Qxb7 Bxe3 16. fxe3 Qg5 17. Qxa7 Nxe5 18. Nc3 Ng4 19. e4 Bg6 20. h3 Ra8 21. h4 Qe5 22. Qd4 Qxg3 23. Rd3 Qh2+ 24. Kf1 e5 25. Qg1 Qxh4 26. Rh3 Qd8 27. Bf3 Nf6 28. Qh2 Re8 29. Rd1 Qb6 30. Rd2 Qe3 31. Rc2 Qc5 32. Qf2 Qc8 33. Rh1 Rxa2 34. Qe3 Ra1+ 35. Kg2 Rxh1 36. Kxh1 Qh3+ 37. Kg1 Qg3+ 0-1

[Event "TUR-chT 2nd League"]
[Site "Denizli"]
[Date "2023.07.12"]
[Round "6.166"]
[White "Gucer, Gunes"]
[Black "Ekinci, Berkay"]
[Result "0-1"]
[WhiteElo "1586"]
[BlackElo "1808"]
[PlyCount "68"]
[EventDate "2023.07.09"]
[EventType "team-swiss"]
[EventRounds "9"]
[EventCountry "TUR"]
[SourceTitle "CBM 215 Extra"]
[Source "ChessBase"]
[SourceDate "2023.09.30"]
[SourceVersion "1"]
[SourceVersionDate "2023.09.30"]
[SourceQuality "1"]
[WhiteTeam "Marmara Universitesi"]
[BlackTeam "Sisli"]
[WhiteTeamCountry "TUR"]
[BlackTeamCountry "TUR"]

1. d4 d5 2. c4 dxc4 3. e3 e5 4. Bxc4 exd4 5. exd4 Nc6 6. Be3 Nf6 7. h3 Bb4+ 8. Nc3 0-0 9. Nge2 Nd5 10. Bxd5 Qxd5 11. 0-0 Qd8 12. Qc2 Ne7 13. Ng3 c6 14. Rfd1 h6 15. Qb3 Bxc3 16. bxc3 b5 17. Ne4 Be6 18. Qb2 Bd5 19. Nc5 Nf5 20. a4 a6 21. axb5 axb5 22. Rxa8 Qxa8 23. Nd7 Re8 24. Nb6 Qd8 25. Nxd5 Qxd5 26. Qd2 Re6 27. Kf1 Nh4 28. g3 Qg2+ 29. Ke2 Nf5 30. Kd3 Nxe3 31. fxe3 Qxg3 32. Re1 Qxh3 33. Qc2 Qf5+ 34. Kd2 Qe4 0-1

[Event "TUR-chT 2nd League"]
[Site "Denizli"]
[Date "2023.07.11"]
[Round "4.153"]
[White "Boz, Fatih Emre"]
[Black "Gucer, Gunes"]
[Result "1-0"]
[WhiteElo "1778"]
[BlackElo "1586"]
[PlyCount "33"]
[EventDate "2023.07.09"]
[EventType "team-swiss"]
[EventRounds "9"]
[EventCountry "TUR"]
[SourceTitle "CBM 215 Extra"]
[Source "ChessBase"]
[SourceDate "2023.09.30"]
[SourceVersion "1"]
[SourceVersionDate "2023.09.30"]
[SourceQuality "1"]
[WhiteTeam "Denizli Ihtisas"]
[BlackTeam "Marmara Universitesi"]
[WhiteTeamCountry "TUR"]
[BlackTeamCountry "TUR"]

1. e4 c5 2. Nc3 g6 3. f4 Bg7 4. Nf3 Nc6 5. Bb5 Nd4 6. 0-0 a6 7. Bd3 d6 8. Nxd4 cxd4 9. Ne2 e6 10. Qe1 Ne7 11. Qf2 Nc6 12. c3 dxc3 13. dxc3 d5 14. e5 0-0 15. Be3 f6 16. exf6 Bxf6 17. Bb6 1-0